000 00267nam a22001097a 4500
008 170123b xxu||||| |||| 00| 0 eng d
020 _a9781437708608
041 _aeng
080 _25TH
_a618.2
245 _aCOMMUNITY/PUBLIC HEALTH NU7RSING
_cNIES, M.A
942 _2udc
_cBK
999 _c3403
_d3403